000 00489nam a2200181Ia 4500
005 20250508150937.0
008 008 250505s9999 xx 000 0 eng d
037 _aTextual
040 _aFEDL
_beng
_cFEDL
041 _aeng
_2eng
084 _a684, HOO
_qFEDL
100 _aHooper Rodney
_949768
245 0 _aWoodcraft in design and practice
260 _aLondon, UK
_bB T Batsford Ltd
_c1937
300 _a160p.
942 _cTEXL
_h684, HOO
999 _c1326633
_d1326633